[Event "Sochi IPCA op"]
[Site "Sochi"]
[Date "2022.10.05"]
[Round "4"]
[White "Polozov, Sergey"]
[Black "Kuzminyh, Artem"]
[Result "0-1"]
[WhiteElo "1419"]
[BlackElo "1960"]
[PlyCount "32"]
[EventDate "2022.10.03"]
[EventType "swiss"]
[EventRounds "7"]
[EventCountry "RUS"]
[SourceTitle "CBM 210 Extra"]
[Source "ChessBase"]
[SourceDate "2022.11.30"]
[SourceVersion "1"]
[SourceVersionDate "2022.11.30"]
[SourceQuality "1"]

1. e4 c5 2. Nf3 Nc6 3. Bb5 g6 4. 0-0 Bg7 5. Re1 d6 6. c3 Bd7 7. d4 cxd4 8. cxd4 Qb6 9. Bxc6 Bxc6 10. Nc3 Nf6 11. Rb1 e6 12. Qd3 0-0 13. Be3 d5 14. e5 Ne4 15. Nd2 Nxd2 16. Bxd2 Rac8 0-1